| 000 | 01239cam a2200289 i 4500 | ||
|---|---|---|---|
| 001 | 200464850 | ||
| 003 | TR-AnTOB | ||
| 005 | 20250714162554.0 | ||
| 007 | ta | ||
| 008 | 180620s2017 tu g 000 0 tur d | ||
| 022 | _213004174 | ||
| 040 |
_aTR-AnTOB _beng _erda _cTR-AnTOB |
||
| 041 | 0 | _atur | |
| 050 | 1 | 4 |
_aBP163 _b.Y46 2017 |
| 090 |
_aBP163 _b.Y46 2017 |
||
| 245 | 0 | 0 |
_aYeni Türkiye : _bİslam dünyası özel sayısı / _cyayın kurulu Kemal Çiçek [and twenty nine others]. |
| 264 | 1 |
_aAnkara : _bYeni Türkiye Stratejik Araştırma Merkezi, _c2017. |
|
| 300 |
_avolumes ; _c27 cm |
||
| 336 |
_atext _2rdacontent _btxt |
||
| 337 |
_aunmediated _2rdamedia _bn |
||
| 338 |
_avolume _2rdacarrier _bnc |
||
| 500 | _aYeni Türkiye : Yıl 23, Sayı 95 (Mayıs-Haziran 2017) "İslam Dünyası Özel Sayısı-I Yeni Türkiye : Yıl 23, Sayı 96 (Temmuz-Ağustos 2017) "İslam Dünyası Özel Sayısı-II Yeni Türkiye : Yıl 23, Sayı 97 (Eylül-Ekim 2017) "İslam Dünyası Özel Sayısı-III Yeni Türkiye : Yıl 23, Sayı 98 (Kasım-Aralık 2017) "İslam Dünyası Özel Sayısı-IV | ||
| 650 | 7 |
_aİslam _2etuturkob _9126426 |
|
| 700 | 1 |
_aÇiçek, Kemal _eeditor _9149197 |
|
| 942 |
_2lcc _cBK |
||
| 999 |
_c200464850 _d83062 |
||